000
00322nam a22001337a 4500
082
_a
823
_b
GAL/I
100
_a
GALBRAITH, ROBERT
245
_a
THE INK BLACK HEART
246
_a
THE INK BLACK HEART
_b
THE INK BLACK HEART
260
_a
LONDON
_b
LITTLE BROWN
_c
2022
300
_a
1012
650
_a
ENGLISH FICTION
942
_c
BK
999
_c
9200
_d
9200